Tiết chế

Giáo trình được biên soạn và cập nhật theo tiêu chuẩn y học chứng cứ mới nhất, có thể được sử dụng để tham khảo trong học tập và làm việc ở các cơ sở có hoạt động dinh dưỡng.

সংরক্ষণ করুন:
গ্রন্থ-পঞ্জীর বিবরন
প্রধান লেখক: Đào Thị Yến Phi (Chủ biên)
বিন্যাস: গ্রন্থ
ভাষা:Vietnamese
প্রকাশিত: H. Y Học 2023
সংস্করন:Tái bản lần thứ nhất, có chỉnh sửa và bổ sung
বিষয়গুলি:
ট্যাগগুলো: ট্যাগ যুক্ত করুন
কোনো ট্যাগ নেই, প্রথমজন হিসাবে ট্যাগ করুন!
Thư viện lưu trữ: Thư viện Trường Đại học Nam Cần Thơ
LEADER 01856nam a22002657a 4500
001 NCT_4_012669
008 240914b xxu||||| |||| 00| 0 vie d
999 |c 8597  |d 8597 
020 |a 9786046660798  |c 185000 
082 0 4 |2 23rd ed.  |a 613.2  |b Ph300 
100 1 |a Đào Thị Yến Phi  |e Chủ biên 
245 1 0 |a Tiết chế  |c Đào Thị Yến Phi 
250 |a Tái bản lần thứ nhất, có chỉnh sửa và bổ sung 
260 |a H.  |b Y Học  |c 2023 
300 |a 187 tr  |b Minh họa  |c 24 cm 
500 |a ĐTTS ghi: Trường Đại học Y khoa Phạm Ngọc Thạch - Bộ môn Dinh dưỡng-An toàn thực phẩm 
520 3 |a Giáo trình được biên soạn và cập nhật theo tiêu chuẩn y học chứng cứ mới nhất, có thể được sử dụng để tham khảo trong học tập và làm việc ở các cơ sở có hoạt động dinh dưỡng. 
653 |a Điều dưỡng 
942 |2 ddc  |c BK 
952 |0 0  |1 0  |2 ddc  |4 0  |6 613_200000000000000_PH300  |7 0  |9 29443  |a 000001  |b 000001  |d 2024-09-14  |o 613.2 Ph300  |p MD.22701  |r 2024-09-14  |v 185000.00  |w 2024-09-14  |y BK 
952 |0 0  |1 0  |2 ddc  |4 0  |6 613_200000000000000_PH300  |7 0  |9 29444  |a 000001  |b 000001  |d 2024-09-14  |o 613.2 Ph300  |p MD.22702  |r 2024-09-14  |v 185000.00  |w 2024-09-14  |y BK 
952 |0 0  |1 0  |2 ddc  |4 0  |6 613_200000000000000_PH300  |7 0  |9 29445  |a 000001  |b 000001  |d 2024-09-14  |o 613.2 Ph300  |p MD.22703  |r 2024-09-14  |v 185000.00  |w 2024-09-14  |y BK 
952 |0 0  |1 0  |2 ddc  |4 0  |6 613_200000000000000_PH300  |7 0  |9 29446  |a 000001  |b 000001  |d 2024-09-14  |o 613.2 Ph300  |p MD.22704  |r 2024-09-14  |v 185000.00  |w 2024-09-14  |y BK 
952 |0 0  |1 0  |2 ddc  |4 0  |6 613_200000000000000_PH300  |7 0  |9 29447  |a 000001  |b 000001  |d 2024-09-14  |o 613.2 Ph300  |p MD.22705  |r 2024-09-14  |v 185000.00  |w 2024-09-14  |y BK 
980 |a Thư viện Trường Đại học Nam Cần Thơ